Comunicación y sociedad entre el libre flujo y el flujo equilibrado de la información: Costa Rica en la encrucijada /
Saved in:
| Main Author: | |
|---|---|
| Corporate Author: | |
| Other Authors: | |
| Format: | Conference Proceeding |
| Language: | Spanish |
| Published: |
Tegucigalpa:
UNAH,
1986
|
| Tags: |
Add Tag
No Tags, Be the first to tag this record!
|
MARC
| LEADER | 00000 a a2200000 04500 | ||
|---|---|---|---|
| 001 | 21042 | ||
| 003 | cru CIDCACS/IIS | ||
| 005 | 20220304062547.0 | ||
| 008 | 200826b ||||| |||| 00| 0 spa d | ||
| 999 | |c 4998 |d 4998 | ||
| 040 | |c cru CIDCACS/IIS | ||
| 090 | |a 09084.00 | ||
| 100 | 1 | |a Pérez Yglesias, María |9 1852 | |
| 245 | |a Comunicación y sociedad entre el libre flujo y el flujo equilibrado de la información: Costa Rica en la encrucijada / |c María Pérez Iglesias | ||
| 260 | |a Tegucigalpa: |b UNAH, |c 1986 | ||
| 300 | |a 64 p. | ||
| 700 | 1 | |a González García, Yamileth |9 3767 | |
| 711 | |a Congreso Centroamericano de Sociología |c (Tegucigalpa, Honduras: |d 1986) |9 2736 | ||
| 942 | |2 ddc |c LI | ||
